Fenntarthatósági stratégiák a dm-drogerie markt gyakorlatában
| Szerző: | |
|---|---|
| További közreműködők: | |
| Dokumentumtípus: | Diplomadolgozat |
| Kulcsszavak: | fenntartható fejlődés fenntartható fogyasztás fenntartható növekedés fenntarthatóság kiskereskedelem |
| Online Access: | http://dolgozattar.uni-bge.hu/60012 |
MARC
| LEADER | 00000nta a2200000 i 4500 | ||
|---|---|---|---|
| 001 | dolg60012 | ||
| 005 | 20260409145854.0 | ||
| 008 | 260409suuuu hu om 000 hun d | ||
| 040 | |a BGE Dolgozattár Repozitórium |b hun | ||
| 041 | |a hu | ||
| 100 | 1 | |a Szokob Helga | |
| 245 | 1 | 0 | |a Fenntarthatósági stratégiák a dm-drogerie markt gyakorlatában |c Szokob Helga |h [elektronikus dokumentum] |
| 520 | 3 | |a A fenntarthatóság ma már nem csupán népszerű kifejezés, hanem a globális gazdasági és társadalmi fejlődés egyik kulcskérdése. Az egyre növekvő környezeti kihívások és az ezekre adott társadalmi válaszok közepette a kiskereskedelmi szektor kiemelkedő szerepet játszik a fenntarthatósági célok elérésében. Az üzletek nemcsak termékeket kínálnak, hanem fogyasztói magatartásformáló erővel is bírnak, ezért nagy jelentősége van annak, hogyan érvényesülnek a fenntarthatósági szempontok a gyakorlatukban. A dm-drogerie markt (a továbbiakban: dm), mint a kiskereskedelmi piac egyik meghatározó szereplője az égészséges életmóddal kapcsolatos termékek területén, különösen nagy figyelmet fordít arra, hogy működését a fenntarthatóság jegyében alakítsa. A vállalat példát mutat a környezetbarát termékek népszerűsítésével, a csomagolásmentes megoldások bevezetésével és az üzletekben alkalmazott zöld energia felhasználásával. A kutatásom célja, hogy alaposan feltérképezzem a dm fenntarthatósági törekvéseit, és megvizsgáljam, hogyan hatnak-e ezek a fogyasztók döntéseire és viselkedésére és ha igen, milyen mértékben befolyásolják azokat. | |
| 695 | |a fenntartható fejlődés | ||
| 695 | |a fenntartható fogyasztás | ||
| 695 | |a fenntartható növekedés | ||
| 695 | |a fenntarthatóság | ||
| 695 | |a kiskereskedelem | ||
| 700 | 1 | |a Babos Dr. Krisztina |e ths | |
| 856 | 4 | 0 | |u http://dolgozattar.uni-bge.hu/60012/1/Szokob%20Helga_szakdolgozat_.pdf |z Dokumentum-elérés |
| 856 | 4 | 0 | |u http://dolgozattar.uni-bge.hu/60012/2/Szokob%20Helga_BA%20KM%20magyar%20b%C3%ADr%C3%A1lati%20lap_BK.pdf |z Dokumentum-elérés |
| 856 | 4 | 0 | |u http://dolgozattar.uni-bge.hu/60012/3/Szokob%20Helga%20b%C3%ADr%C3%A1lat.pdf |z Dokumentum-elérés |